000 01105nam a2200337 a 4500
001 000025201
003 DO-SdBNP
005 20180315112217.0
007 000025201
008 110211s2003 dr a 000 0bspa d
020 _a9945406019
040 _aBPMSU
_bspa
_cBPMSU
092 _a923.2
_bP645c
100 1 _aCassá, Roberto,
_d1948-
245 1 0 _aPedro Alejandrino Pina :
_bel patriota incansable /
_cRoberto Cassá.
260 _aSanto Domingo :
_bTobogán,
_c2003.
300 _a59 p. :
_bil. ;
_c22 cm.
490 1 _aBiografías dominicanas
504 _aBibliografía : p. 59
600 1 4 _aPINA, PEDRO ALEJANDRINO,
_d1820-1870
650 4 _aPOLÍTICOS
_zREPÚBLICA DOMINICANA
_xBIOGRAFÍAS
651 4 _aREPÚBLICA DOMINICANA
_xBIOGRAFÍAS
830 0 _aBiografías dominicanas
910 _aValidado. Control de calidad MFF
942 _2ddc
_cBK
945 _aInventariado, 2018 / BT
956 _aNMORDAN
_b10
_c20110211
_lBND01
_h1209
956 _aMGARCIA
_b10
_c20110214
_lBND01
_h1107
956 _aYPOLANCO
_b04
_c20110406
_lBND01
_h0921
956 _aVMATEO
_b10
_c20150724
_lBPMSU
_h00151
999 _c8012
_d8012